| 000 | 00696nam a22001935a 4500 | ||
|---|---|---|---|
| 008 | 161130s2013 ii a fr 000 0 eng d | ||
| 020 | _a9789351520641 | ||
| 040 |
_aEG-ScBUE _beng _cEG-ScBUE _dEG-ScBUE |
||
| 082 | 0 | 4 |
_222 _bCLE _a610.73076 |
| 100 | 1 | _aClement, I. | |
| 245 | 1 | 0 |
_aNursing solved question papers for general nursing and midwifery-1nd year (2013-2009) : _b(per INC Revised Syllabus) / _cI. Clement. |
| 250 | _a2nd ed. | ||
| 260 |
_aNew Delhi : _bJaypee Brothers Medical Publisher (P) LTD, _c2013. |
||
| 300 |
_axxxii, 390 p. : _bill. ; _c24 cm. |
||
| 650 | 7 |
_2BUEsh _912268 _aNursing _xExaminations, questions, etc. |
|
| 651 | _2BUEsh | ||
| 653 |
_bNNUR _cSeptember2017 |
||
| 942 | _2ddc | ||
| 999 |
_c23393 _d23365 |
||